000 00295 a2200121 4500
005 20240408172034.0
008 240408b |||||||| |||| 00| 0 eng d
020 _a9789388423441
100 _aSharma R.
245 _a5 A.M. क्लब
260 _bJaico Publishing House
_c2018
942 _cBK
999 _c357220
_d357220